000 00537nam a2200181Ia 4500
008 090123s9999 xx 000 0 und d
082 _b40837
100 _aभारद्वाज मंदाकिनी
245 _aनाती
250 _a0
260 _bयोगिता प्रकाशन
_c2006
300 _a186
600 _aभारद्वाज मंदाकिनी
630 _aनाती
700 _aभारद्वाज मंदाकिनी
730 _aनाती
942 _cBOOK
999 _c78912
_d78912